000
00349nam a2200145Ia 4500
008
230718s9999 xx 000 0 und d
041
_a
Eng.
082
_a
462.5
_b
SHA-A
100
_a
Shaikhs, Prof. Sofije d
245
2
_a
A Selecion of Madem Essay
260
_a
Pakistan
_b
Carman bood hour
_c
2009
300
_a
192
650
_a
Law
999
_c
26419
_d
26419